| 000 | 00573nam a22001577a 4500 | ||
|---|---|---|---|
| 003 | NUST | ||
| 038 | _aNusrat Nadeem | ||
| 082 | _a200 | ||
| 100 |
_aAmmar, Syed Muhammad _9134104 |
||
| 245 |
_aUnderstanding Job Insecurity: Exploring the Influence of Generative AI on Employed Youth in the Knowledge Economy, Islamabad/ _cSyed Muhammad Ammar, |
||
| 264 |
_aIslamabad: _bS3H NUST, _c2026. |
||
| 650 |
_aMS-Development Studies _9123041 |
||
| 700 |
_aSupervisor: Dr. Tauqeer Shah _9134105 |
||
| 856 | _uhttp://10.250.8.41:8080/xmlui/handle/123456789/57555 | ||
| 942 |
_2ddc _cSC |
||
| 999 |
_c617040 _d617040 |
||